Manual de capacitación de vigilantes: en empresas industriales, comerciales y de servicios (Registro nro. 1834)

Detalles MARC
000 -Cabecera
Campo de control de longitud fija 00886aam a2200325 4500
005 - Fecha y hora de la última transacción
Campo de control 20260406154937.0
008 - Elementos de longitud fija--Información general
Campo de control de longitud fija 150716b1998 xxu||||| |||| 00| 0 spa d
020 ## - International Standard Book Number
Número Internacional Estándar del Libro (ISBN) 9682434432
041 ## - Idioma
Código de idioma Español
082 ## - Clasificación Decimal Dewey
Número de clasificación 364.4 A284m
100 ## - Entrada principal--Autor personal
Nombre personal Aguirre Martínez, Eduardo
9 (RLIN) 14433
245 ## - Título propiamente dicho
Título Manual de capacitación de vigilantes: en empresas industriales, comerciales y de servicios
260 ## - Pie de imprenta
Lugar de publicación, distribución, etc. México
260 ## - Pie de imprenta
Nombre del editor, distribuidor, etc. Trillas
260 ## - Pie de imprenta
Fecha de publicación, distribución, etc. 1998
300 ## - Descripción física
Extensión 116 páginas
490 ## - Serie
Título de la Serie Investigación Criminal
650 ## - Materia general
Temática (materia general) SEGURIDAD PERSONAL
650 ## - Materia general
Temática (materia general) SEGURIDAD FISICA
650 ## - Materia general
Temática (materia general) SEGURIDAD PRIVADA
650 ## - Materia general
Temática (materia general) DELITO
650 ## - Materia general
Temática (materia general) ACCIDENTES
650 ## - Materia general
Temática (materia general) ENFERMEDADES
650 ## - Materia general
Temática (materia general) VIGILANCIA Y PROTECCIÓN
650 ## - Materia general
Temática (materia general) CAPACITACIÓN DE VIGILATES
650 ## - Materia general
Temática (materia general) ARMAS
650 ## - Materia general
Temática (materia general) SEGURIDAD ELECTRÓNICA
650 ## - Materia general
Temática (materia general) DETENCIONES
942 ## - Punto de acceso adicional KOHA
Tipo de ítem KOHA Libro
Fuente del sistema de clasificación o colocación Dewey Decimal Classification
Existencias
Signatura completa Código de barras Programa Académico Tipo de ítem
364.4 A284m 11146 Investigación Criminal Libro